Erulum Njanum: (MALAYALAM) (Record no. 3492)
[ view plain ]
| 000 -LEADER | |
|---|---|
| fixed length control field | 00232nam a2200097Ia 4500 |
| 100 ## - MAIN ENTRY--AUTHOR NAME | |
| Personal name | Hamsa Pattara |
| 245 #0 - TITLE STATEMENT | |
| Title | Erulum Njanum: (MALAYALAM) |
| 260 ## - PUBLICATION, DISTRIBUTION, ETC. (IMPRINT) | |
| Place of publication | Neruda Pub. |
| Year of publication | 2001 |
| 942 ## - ADDED ENTRY ELEMENTS (KOHA) | |
| Koha item type | Text Book |
| 952 ## - LOCATION AND ITEM INFORMATION (KOHA) | |
| Damaged status | |
| Not for loan | |
| Withdrawn status | Permanent Location | Current Location | Shelving location | Date acquired | Source of acquisition | Cost, normal purchase price | Inventory number | Accession Number | Copy number | Cost, replacement price | Price effective from | Koha item type |
|---|---|---|---|---|---|---|---|---|---|---|---|---|
| VAST Central Library | VAST Central Library | Proposed for Weeding | 22/02/2023 | Nil | 20.00 | Nil | 3492 | 1 | 40.00 | 22/02/2023 | Text Book |